| 000 | 02002nam0a2200361 4500 | ||
|---|---|---|---|
| 001 | RU\NLR\bibl\189003 | ||
| 005 | 20250619085137.0 | ||
| 010 |
_a5-9286-0042-9 _91050 |
||
| 021 |
_aRU _b2001-1140 _961 |
||
| 035 | _a(NLR Aleph) 000185539 | ||
| 090 |
_a1071977 _c1071977 |
||
| 100 | _a20010913d2000 |||y0rusy50 ca | ||
| 101 | 0 | _arus | |
| 102 | _aRU | ||
| 105 | _aa ||||||||| | ||
| 200 | 1 |
_aСборник информационных листков холодного, метательного оружия и изделий, конструктивно сходных с таким оружием, прошедших сертификационные криминалистические испытания в 1999 году _fМ-во внутрен. дел Рос. Федерации, Гос. учреждение "Эксперт.-криминалист. центр М-ва внутрен. дел Рос. Федерации" |
|
| 210 |
_aМ. _cГУ ЭКЦ МВД России _d2000 |
||
| 215 |
_a336 с. _cил. |
||
| 606 | 0 |
_aОружие холодное _jСправочники _xКриминалистическая экспертиза _yРоссийская Федерация _92155447 _3RU\NLR\auth\661297657 |
|
| 606 | 0 |
_aХолодное оружие _jСправочники _xКриминалистическая экспертиза _yРоссийская Федерация _92156467 _3RU\NLR\auth\661298187 |
|
| 606 | 0 |
_aМетательное оружие _jСправочники _xКриминалистическая экспертиза _yРоссийская Федерация _92131941 _3RU\NLR\auth\661286078 |
|
| 610 | 0 | _aХолодное оружие | |
| 675 |
_a343.98.065:623.444(083.75) _v3 _zrus |
||
| 686 |
_a10.77 _2rugasnti |
||
| 686 |
_a67.52 _2rubbk |
||
| 686 | _aХ629.414я2 | ||
| 801 | 0 |
_aRU _bRKP _c20010913 _gPSBO |
|
| 801 | 1 |
_aRU _bRKP _c20010913 |
|
| 801 | 2 |
_aRU _bNLR _c20041228 _grcr |
|
| 852 |
_aNLR _jПт 100/34 |
||
| 942 | _cBOOK | ||
| 980 | _aNB | ||